• 首页
  • 本馆介绍
  • 公告通知
  • 最新文献
  • 馆藏检索
  • 电子资源
  • 读者导购
  • 参考咨询
  • 我的图书馆
  • 登录
  • 详细信息显示
  • 放入我的书架
  • 预约/预借图书
  • 作者相关作品
  • 分类相关作品
  • 丛书相关作品
  • 出版社相关作品

书目信息

  • 表格格式
  • 工作单格式
  • 卡片格式
题名:
病理学
    
 
作者: 武汉医学院 主编
分册:  
出版信息: 北京   人民卫生出版社  1983.4
页数: 444
开本: 26cm
丛书名:
单 册:
中图分类: R36
科图分类:
主题词: 病理学
电子资源:
ISBN:
000 00651nam0 2200217 45
001 0181013176
005 20060815102926.50
010    @dCNY3.40
091    @a14048.3697
100    @a20810111d km y0chiy0120 ea
101 0  @achi
200 1  @ABing Li Xue@Fwu han yi xue yuan@a病理学@f武汉医学院主编@e病理解剖学分册@EBing Li Jie Pou Xue Fen Ce
210    @a北京@c人民卫生出版社@d1983.4
215    @a444@c图@d26cm
300    @a全国高等医药院校试用教材
517    @a病理解剖学分册@ABing Li Jie Pou Xue Fen Ce
606 0  @a病理学
690    @aR36
701 0  @a武汉医学院@4主编
801    @aCN@bTSTC@c20060815
905    @dR36@f1@b210015@e15@b117073@f1
    
    病理学/武汉医学院主编:病理解剖学分册.-北京:人民卫生出版社,1983.4
    444:图;26cm
    全国高等医药院校试用教材
    
    ISBN :CNY3.40
    
●
相关链接 在E读中查询图书 在五车中查询图书 在当当中查询图书 在豆瓣中查询图书


正题名:病理学     索取号:R36/15         预约/预借

序号 登录号 条形码 馆藏地/架位号 状态 备注
1 0117073   000708853   密集书库/ [索取号:R36/15] 在馆    
2 0117074   000708817   第二样本阅览室/ [索取号:R36/15] 在馆    
3 0210015   000708862   密集书库/ [索取号:R36/15] 在馆    
4 0458428   204584280   密集书库/ [索取号:R36/15] 在馆    
唐山师范学院图书馆 欢迎您!
大连网信软件有限公司© 版权所有